Mustard Categories Quiz Stats

 Plays Quiz not verified by Sporcle

Challenge
Share
Tweet
Embed
Score 0/18 Timer 10:00
0 Plays Today
Category % Correct
American Yellow
87.1%
Classic Dijon
85.5%
Classic Hot
66.1%
Deli/Brown
64.5%
Honey
59.7%
Horseradish/Wasabi
46.8%
Sweet Hot
37.1%
Spirit
30.6%
Pepper Hot
29%
Category % Correct
Coarse/Whole Grain
27.4%
Fruit
22.6%
Mustard-Based BBQ Sauces/Marinades
22.6%
Organic
22.6%
Herb/Veggie
21%
Mustard-Based Dressing/Sauces
14.5%
Garlic
12.9%
Exotic
12.9%
Packaging/Label
11.3%

You're not logged in!

Compare scores with friends on all Sporcle quizzes.
OR
Log In

You Might Also Like...

Show Comments

Extras

Created May 6, 2011SourceReportNominate
Tags:condiment

Top Quizzes Today


Score Distribution

Your Account Isn't Verified!

In order to create a playlist on Sporcle, you need to verify the email address you used during registration. Go to your Sporcle Settings to finish the process.

Report this User

Report this user for behavior that violates our Community Guidelines.

Details: